000
00355pab a2200157 454500
008
180718b1996 xxu||||| |||| 00| 0 eng d
100
_a
Rammanohar Reddy, C.
245
_a
Measuring poverty differently
260
_c
1996
300
_a
p.16
362
_a
22 Jul
650
_a
Poverty - India
650
_a
Poverty
773
_a
Hindu
909
_a
33163
999
_c
33163
_d
33163